000 00389 a2200157 4500
001 175375
020 _a
040 _cMagnum
100 _aRibenboim, Ricardo
240 1 0 _aTridimensionalidade na arte brasileira do século XX
_lpor
245 1 0 _aTridimensionalidade na arte brasileira do século XX
300 _a222
362 0 _a1997
697 _aESCULTURA MODERNA
942 _cBK
999 _c175375
_d175375